000 00899nam a2200181 i 4500
001 185625
003 ES-MaACL
005 20251005063139.0
008 160728s1934 sp |||| | spa d
100 1 _aRío Hortega, Pío del,
_d1882-1945
_997326
245 1 0 _aAnatomia microscópica de los tumores del sistema nervioso central y periferico :
_bponencia del congreso internacional de lucha científica y social contra el cáncer, Madrid, octubre de 1933 /
_cpor P. del Río-Hortega.
260 _a[Madrid :
_bJunta para la Ampliación de Eestudios,
_c1934]
300 _a315 p. :
_bil. ;
_c24 cm.
490 1 _aTrabajos del laboratorio de Histopatología de la Junta para la ampliación de estudios ;
_v103
830 0 0 _aTrabajos del Laboratorio de Histopatología de la Junta para Ampliación de Estudios
_v103
_9184307
852 _aES-MaACL
_jB-13355(8)
999 _c185625
_d185625